<?xml version="1.0" encoding="UTF-8"?><?xml-stylesheet type="text/xsl" href="static/style.xsl"?><OAI-PMH xmlns="http://www.openarchives.org/OAI/2.0/" xmlns:xsi="http://www.w3.org/2001/XMLSchema-instance" xsi:schemaLocation="http://www.openarchives.org/OAI/2.0/ http://www.openarchives.org/OAI/2.0/OAI-PMH.xsd"><responseDate>2026-04-17T12:58:31Z</responseDate><request verb="GetRecord" identifier="oai:www.recercat.cat:2117/349456" metadataPrefix="marc">https://recercat.cat/oai/request</request><GetRecord><record><header><identifier>oai:recercat.cat:2117/349456</identifier><datestamp>2025-07-22T17:53:33Z</datestamp><setSpec>com_2072_1033</setSpec><setSpec>col_2072_452951</setSpec></header><metadata><record xmlns="http://www.loc.gov/MARC21/slim" xmlns:dcterms="http://purl.org/dc/terms/" xmlns:xsi="http://www.w3.org/2001/XMLSchema-instance" xmlns:doc="http://www.lyncode.com/xoai" xsi:schemaLocation="http://www.loc.gov/MARC21/slim http://www.loc.gov/standards/marcxml/schema/MARC21slim.xsd">
   <leader>00925njm 22002777a 4500</leader>
   <datafield ind2=" " ind1=" " tag="042">
      <subfield code="a">dc</subfield>
   </datafield>
   <datafield ind2=" " ind1=" " tag="720">
      <subfield code="a">De La Cruz Martí, Maria</subfield>
      <subfield code="e">author</subfield>
   </datafield>
   <datafield ind2=" " ind1=" " tag="260">
      <subfield code="c">2021-07-12</subfield>
   </datafield>
   <datafield ind2=" " ind1=" " tag="520">
      <subfield code="a">ENVELLIR A LA CIUTAT&#xd;
Envellir forma part del procés natural de la vida, però existeix un notable rebuig a l’hora d’afrontar-la i parlar-&#xd;
ne que ha fet que aquesta última etapa hagi estat menystinguda en els canvis que ha anat adoptant la&#xd;
societat.&#xd;
Les dades demogràfiques demostren que en el futur pròxim la població haurà envellit molt més per la davallada&#xd;
de la natalitat i l’augment de l’esperança de vida; per això és important que es comenci a tenir en&#xd;
compte les persones grans en la configuració de la nostra societat.&#xd;
L’arquitectura i l’urbanisme han d’afrontar aquest canvi transformant els edificis i les ciutats de manera que&#xd;
puguin ser viscudes en tota plenitud per tota la ciutadania, això implicarà fer efectiu el dret a la ciutat.</subfield>
   </datafield>
   <datafield ind2=" " ind1=" " tag="520">
      <subfield code="a">ENVEJECER EN LA CIUDAD&#xd;
Envejecer forma parte del proceso natural de la vida, pero existe un notable rechazo a la hora de afrontarla&#xd;
y hablar de ello que ha hecho que esta última etapa haya sido menos importancia en los cambios que ha&#xd;
ido adoptando la sociedad.&#xd;
Los datos demográficos demuestran que en el futuro próximo la población habrá envejecido mucho más&#xd;
por el descenso de la natalidad y el aumento de la esperanza de vida; por ello es importante que se empiece&#xd;
a tener en cuenta las personas mayores en la configuración de nuestra sociedad.&#xd;
La arquitectura y el urbanismo deben afrontar este cambio transformando los edificios y las ciudades de&#xd;
manera que puedan ser vividas en toda plenitud por toda la ciudadanía, esto implicará hacer efectivo el&#xd;
derecho a la ciudad.</subfield>
   </datafield>
   <datafield ind2=" " ind1=" " tag="520">
      <subfield code="a">AGING IN THE CITY&#xd;
Aging is part of the natural process of life, but there is a notable rejection of dealing with it and talking&#xd;
about it, which has made that this last stage has less important in the changes that society has adopted.&#xd;
Demographic data show that in the near future the population will have aged much more due to declining&#xd;
birth rates and increasing life expectancy; that is why it is important to start taking into account the elderly&#xd;
in the configuration of our society.&#xd;
Architecture and town planning must face this change by transforming buildings and cities so that they can&#xd;
be fully experienced by all citizens, this will mean making the right to the city effective.</subfield>
   </datafield>
   <datafield tag="653" ind2=" " ind1=" ">
      <subfield code="a">Àrees temàtiques de la UPC::Urbanisme::Aspectes socials</subfield>
   </datafield>
   <datafield tag="653" ind2=" " ind1=" ">
      <subfield code="a">City planning -- Social aspects -- Spain -- Vilafranca del Penedès</subfield>
   </datafield>
   <datafield tag="653" ind2=" " ind1=" ">
      <subfield code="a">Old age homes -- Spain -- Vilafranca del Penedès</subfield>
   </datafield>
   <datafield tag="653" ind2=" " ind1=" ">
      <subfield code="a">Older people -- Quality of life -- Spain -- Vilafranca del Penedès</subfield>
   </datafield>
   <datafield tag="653" ind2=" " ind1=" ">
      <subfield code="a">Older people -- Protection -- Spain -- Vilafranca del Penedès</subfield>
   </datafield>
   <datafield tag="653" ind2=" " ind1=" ">
      <subfield code="a">Public spaces -- Social aspects -- Spain -- Vilafranca del Penedès</subfield>
   </datafield>
   <datafield tag="653" ind2=" " ind1=" ">
      <subfield code="a">Envellir</subfield>
   </datafield>
   <datafield tag="653" ind2=" " ind1=" ">
      <subfield code="a">Dret a la ciutat</subfield>
   </datafield>
   <datafield tag="653" ind2=" " ind1=" ">
      <subfield code="a">Perspectiva de gènere</subfield>
   </datafield>
   <datafield tag="653" ind2=" " ind1=" ">
      <subfield code="a">Accessibilitat</subfield>
   </datafield>
   <datafield tag="653" ind2=" " ind1=" ">
      <subfield code="a">Autonomia</subfield>
   </datafield>
   <datafield tag="653" ind2=" " ind1=" ">
      <subfield code="a">Benestar</subfield>
   </datafield>
   <datafield tag="653" ind2=" " ind1=" ">
      <subfield code="a">Vida social</subfield>
   </datafield>
   <datafield tag="653" ind2=" " ind1=" ">
      <subfield code="a">Seguretat</subfield>
   </datafield>
   <datafield tag="653" ind2=" " ind1=" ">
      <subfield code="a">Memòria</subfield>
   </datafield>
   <datafield tag="653" ind2=" " ind1=" ">
      <subfield code="a">Urbanisme -- Aspectes socials -- Catalunya -- Vilafranca del Penedès</subfield>
   </datafield>
   <datafield tag="653" ind2=" " ind1=" ">
      <subfield code="a">Residències de persones grans -- Catalunya -- Vilafranca del Penedès</subfield>
   </datafield>
   <datafield tag="653" ind2=" " ind1=" ">
      <subfield code="a">Persones grans -- Qualitat de vida -- Catalunya -- Vilafranca del Penedès</subfield>
   </datafield>
   <datafield tag="653" ind2=" " ind1=" ">
      <subfield code="a">Persones grans -- Protecció, assistència, etc. -- Catalunya -- Vilafranca del Penedès</subfield>
   </datafield>
   <datafield tag="653" ind2=" " ind1=" ">
      <subfield code="a">Espais públics -- Aspectes socials -- Catalunya -- Vilafranca del Penedès</subfield>
   </datafield>
   <datafield ind2="0" ind1="0" tag="245">
      <subfield code="a">Envellir a la ciutat: cas d’estudi Barri Centre de Vilafranca del Penedès</subfield>
   </datafield>
</record></metadata></record></GetRecord></OAI-PMH>